Personnages d'Alice in Borderland - Statistics

General Stats
  • This quiz has been taken 162 times
  • The average score is 10 of 16
Answer Stats
Picture Answer % Correct
Hikari Kuina
94%
Ryohei Arisu
91%
Ann
84%
Aguni
82%
Yuzuha Usagi
82%
Daikichi Karube
81%
Kodai Tatta
81%
Suguru Niragi
81%
Shuntaro Chishiya
77%
Ginji Kyuma
48%
Saori Shibuki
48%
Sunato Banda
42%
Akane Heiya
37%
Mira Kano
28%
Takeru Damna
11%
Urumi Akamaki
6%
No matching quizzes found
Score Distribution
Percent of People with Each Score
Percentile by Number Answered
Your Score History
You have not taken this quiz